000 00226nam a2200121Ia 4500
100 _aTagore
650 _aChemistry
942 _cBK
245 _aGora
260 _bMacmillon & co
_c1964
300 _a108
546 _aENGLISH
999 _c24833
_d24833